00375 a2200145 4500003000400000005001700004008004100021020001800062040000900080082001500089100002800104245005600132260003200188300000900220OSt20231107152154.0231107b |||||||| |||| 00| 0 eng d a9788192034058 coclc a297bMAD/K aMadani, C Abdul Hameed  aKoodikkazhcha /cCheriyamundam Abdul Hameed Madani  aKerala:bDawa Books,c2022. a118p